| 000 | 01150nam a2200325Ia 4500 | ||
|---|---|---|---|
| 003 | OSt | ||
| 005 | 20221007125831.0 | ||
| 006 | a|||||r|||| 00| 0 | ||
| 007 | ta | ||
| 008 | 221006b |||||||| |||| 00| 0 eng d | ||
| 020 | _a9781862393110 (hbd) | ||
| 037 |
_b1309, 29/03/2011, Ashutosh Technical Books _cTextual |
||
| 040 |
_aDGL _cDGL _beng |
||
| 041 |
_2eng _aeng |
||
| 082 | _aH6, Q0 Carg | ||
| 100 |
_aMoody R T J _9722632 |
||
| 245 | 0 |
_aDinosaurs and other extinct Saurians _b a historical perspective Naish D Martill D M Ed. |
|
| 260 |
_aLondon _bGeological society _c2010 |
||
| 300 |
_avi,387 p _ccm. |
||
| 500 | _aIncludes bibliographical references; Index 387-394p | ||
| 650 |
_a Dinosaurs research-History _9722633 |
||
| 650 |
_a paleontology history _9722634 |
||
| 650 |
_a Petroleum geologists _9722635 |
||
| 650 | _aGeology | ||
| 700 |
_a Buffetaut E _9722636 |
||
| 700 |
_a Martill D M Ed. _9722637 |
||
| 700 |
_a Naish D _9722638 |
||
| 942 |
_hH6, Q0 Carg _cTEXL _2CC |
||
| 999 |
_c1215886 _d1215886 |
||